Instant Anatomy : (Record no. 79045)

MARC details
000 -LEADER
fixed length control field 00734nam a22002177a 4500
005 - DATE AND TIME OF LATEST TRANSACTION
control field 20130924110023.0
010 ## - LCCN (DPL NO)
LC control number B-512615
020 ## - INTERNATIONAL STANDARD BOOK NUMBER
International Standard Book Number 9788180522543
Terms of availability 495.00
035 ## - SYSTEM CONTROL NUMBER
System control number B-512615
037 ## - SOURCE OF ACQUISITION
Source of stock number/acquisition BSB/Ven.
082 ## - DEWEY DECIMAL CLASSIFICATION NUMBER
Classification number 611
100 ## - MAIN ENTRY--PERSONAL NAME
Personal name Vishram Singh
245 ## - TITLE STATEMENT
Title Instant Anatomy :
Statement of responsibility, etc by Vishram Singh
Remainder of title for medical, dental, paramedical and nursing students /
250 ## - EDITION STATEMENT
Edition statement 2nd ed
260 ## - PUBLICATION, DISTRIBUTION, ETC. (IMPRINT)
Place of publication, distribution, etc New Delhi
Name of publisher, distributor, etc Ane Books
Date of publication, distribution, etc 2012
270 ## - ADDRESS
Address 4821, Parwana Bhawan, 1st Floor, 24 Ansari Road, Darya Ganj
City New Delhi
Postal code 110002
300 ## - PHYSICAL DESCRIPTION
Extent 382p.
Dimensions 24cm(pbk)
Other physical details ill.
500 ## - GENERAL NOTE
General note Includes index
942 ## - ADDED ENTRY ELEMENTS (KOHA)
Source of classification or shelving scheme Dewey Decimal Classification
Item type English Books
Call number suffix VIS
Classification part 611
Holdings
Withdrawn status Lost status Not for loan Collection code Home library Current library Date acquired Source of acquisition Cost, normal purchase price Full call number Barcode Copy number Cost, replacement price Koha item type
  Written-off vide DLB M. No. 383 dt 16.05.19   Non-fiction Central Library Central Library 23/09/2013 BSB/882/09.03.13/169/08.03.13/23.03.13 495.00 611 VIS B-512615 1 495.00 English Books

© Delhi Public Library
Hit Counter
free hit counter